书目信息 |
| 题名: |
闻一多集
|
|
| 作者: | 闻一多 著 ;王艳文 编著 | |
| 分册: | ||
| 出版信息: | 太原 北岳文艺出版社 2016 |
|
| 页数: | 241页 | |
| 开本: | 21cm | |
| 丛书名: | 民国诗风 | |
| 单 册: | ||
| 中图分类: | I226.7 | |
| 科图分类: | ||
| 主题词: | 古体诗--gu ti shi--注释--中国--现代 | |
| 电子资源: | ||
| ISBN: | 978-7-5378-4826-8 | |
| 000 | 00933nam0 22002651 450 | |
| 001 | 0127144042 | |
| 005 | 20170427144042.0 | |
| 010 | @a978-7-5378-4826-8@dCNY28.00 | |
| 100 | @a20161107d2016 em y0chiy50 ea | |
| 101 | 0 | @achi |
| 102 | @aCN@b140000 | |
| 105 | @ay z 000gy | |
| 106 | @ar | |
| 200 | 1 | @a闻一多集@Awen yi duo ji@f闻一多著@g王艳文编著 |
| 210 | @a太原@c北岳文艺出版社@d2016 | |
| 215 | @a241页@d21cm | |
| 225 | 2 | @a民国诗风@Amin guo shi feng@e中国现代作家旧体诗丛@f李遇春主编 |
| 330 | @a本书收录了闻一多的《清华园中秋赏桂》、《晚步湖上》、《夜雨》、《初起》、《清华园秋日》、《清华图书馆》、《望山前昆承二湖,作图》、《天涯》等旧体诗作品。 | |
| 461 | 0 | @12001 @a民国诗风 |
| 606 | 0 | @a古体诗@Agu ti shi@x注释@y中国@z现代 |
| 690 | @aI226.7@v5 | |
| 701 | 0 | @a闻一多@Awen yi duo@f(1899~1946)@4著 |
| 702 | 0 | @a王艳文@Awang yan wen@4编著 |
| 801 | 0 | @aCN@bTANGWEI@c20170308 |
| 905 | @b0966371-4@dI226.7@e98@f4 | |
| 闻一多集/闻一多著/王艳文编著.-太原:北岳文艺出版社,2016 |
| 241页;21cm.-(民国诗风:中国现代作家旧体诗丛/李遇春主编) |
| ISBN 978-7-5378-4826-8:CNY28.00 |
| 本书收录了闻一多的《清华园中秋赏桂》、《晚步湖上》、《夜雨》、《初起》、《清华园秋日》、《清华图书馆》、《望山前昆承二湖,作图》、《天涯》等旧体诗作品。 |
| ● |
| 相关链接 |
|
|
|
|
正题名:闻一多集
索取号:I226.7/98
 
预约/预借
| 序号 | 登录号 | 条形码 | 馆藏地/架位号 | 状态 | 备注 |
| 1 | 0966371 | 209663719 | 第一样本阅览室/ [索取号:I226.7/98] | 在馆 | |
| 2 | 0966372 | 209663728 | 第二借阅区/ [索取号:I226.7/98] | 在馆 | |
| 3 | 0966373 | 209663737 | 第二借阅区/ [索取号:I226.7/98] | 在馆 | |
| 4 | 0966374 | 209663746 | 第二借阅区/ [索取号:I226.7/98] | 在馆 |